|
|
|
|
| LEADER |
04026nam a2200445Ia 4500 |
| 001 |
bslw08111837 |
| 003 |
UtOrBLW |
| 005 |
20111227123926.0 |
| 006 |
m d |
| 007 |
cr un||||||||| |
| 008 |
111227s2011 enka o 000 0 eng d |
| 020 |
|
|
|a 9781780523958 (electronic bk.) :
|c £67.95 ; €97.95 ; $124.95
|
| 040 |
|
|
|a UtOrBLW
|c UtOrBLW
|d GrThAP
|
| 050 |
|
4 |
|a HT388
|b .E58 2011
|
| 072 |
|
7 |
|a KCM
|2 bicssc
|
| 072 |
|
7 |
|a KJH
|2 bicssc
|
| 072 |
|
7 |
|a BUS025000
|2 bisacsh
|
| 072 |
|
7 |
|a BUS069000
|2 bisacsh
|
| 072 |
|
7 |
|a BUS068000
|2 bisacsh
|
| 080 |
|
|
|a 332
|
| 082 |
0 |
4 |
|a 338.9
|2 23
|
| 245 |
0 |
0 |
|a Entrepreneurship and global competitiveness in regional economies
|h [electronic resource] :
|b determinants and policy implications /
|c edited by Gary D. Libecap, Sherry Hoskinson.
|
| 260 |
|
|
|a Bingley, U.K. :
|b Emerald,
|c 2011.
|
| 300 |
|
|
|a 1 online resource (xii, 233 p.) :
|b ill.
|
| 490 |
1 |
|
|a Advances in the study of entrepreneurship, innovation & economic growth,
|x 1048-4736 ;
|v v. 22
|
| 505 |
0 |
|
|a Introduction : entrepreneurship and global competitiveness in regional economies : determinants and policy implications / Gary D. Libecap -- ch. 1. Globalization and directed technological change at the firm level : the European evidence / Cristiano Antonelli, Alessandra Colombelli -- ch. 2. Globalization and innovation in advanced economies / Cristiano Antonelli, Claudio Fassio -- ch. 3. A series of unfortunate events : the growth, decline, and rebirth of Ottawa's entrepreneurial institutions / Ben Spigel -- ch. 4. Entrepreneurship and growth : what causes what? / Sana El Harbi, Gilles Grolleau, Insaf Bekir -- ch. 5. The new 'cluster moment' : how regional innovation clusters can foster the next economy / Mark Muro, Bruce Katz -- ch. 6. Wichita's aircraft manufacturing cluster, knowledge spillovers, and the emergence of a medical device manufacturing cluster / Timothy L. Pett, James Wolff -- ch. 7. The role of labor market institutions on entrepreneurship dynamics in times of crisis : evidence from European countries / Concepción Román, Emilio Congregado, José María Millán -- ch. 8. Knowledge structure and regional economic growth : the French case / Francesco Quatraro -- ch. 9. An innovative vision for economic development in higher education : an essay on balancing community growth and global competitiveness / Matthew M. Mars.
|
| 520 |
|
|
|a This volume, comprised of authors from the U.S., Canada, Africa, and Europe, centers on the development, transformation, and role of geographic /regional economies-- specifically in the globalized, post-2009 era. The authors address topics that every region must consider in responding to idea age, globally competitive, regionally driven economies. The volume builds on a large body of scholarship specific to regional economic development and geography by providing a much needed post-2009 perspective on regional economic environments and activities. Among the topics addressed are the emergence and boundaries of new economic geographies; the actors, characteristics, and functions of regional innovation systems as well as the opportunities and challenges associated with region-specific cultural and environmental interactions. It also examines the relationship of regional economies to diminishing country based economies and the critical relationship to globalization.
|
| 650 |
|
7 |
|a Business & Economics
|x Entrepreneurship.
|2 bisacsh
|
| 650 |
|
7 |
|a Business & Economics
|x Economics
|x General.
|2 bisacsh
|
| 650 |
|
7 |
|a Business & Economics
|x Development
|x Economic Development.
|2 bisacsh
|
| 650 |
|
7 |
|a Development economics.
|2 bicssc
|
| 650 |
|
7 |
|a Entrepreneurship.
|2 bicssc
|
| 650 |
|
0 |
|a Regional economics.
|
| 650 |
|
0 |
|a Economic geography.
|
| 700 |
1 |
|
|a Libecap, Gary D.
|
| 700 |
1 |
|
|a Hoskinson, Sherry.
|
| 776 |
1 |
|
|z 9781780523941
|
| 830 |
|
0 |
|a Advances in the study of entrepreneurship, innovation, and economic growth ;
|v v. 22.
|
| 856 |
4 |
0 |
|u http://www.emeraldinsight.com/1048-4736/22
|z Full Text via HEAL-Link
|
| 913 |
|
|
|1 Dec2011
|